000 00335nam a2200133Ia 4500
008 240624s9999 xx 000 0 und d
041 _aeng
082 _a920 SEL
100 _aSELES MONICA
245 _aGETTING A GRIP ON MY BODY MY MIND MY SEL
250 _a(Reprint ed.)
260 _c2010
_aLondon
_bAvery Trade
300 _a304 : p.
999 _c18306
_d18306